National Anthem of Norway - ''Ja, vi elsker dette landet'' - Statistics

General Stats
  • This quiz has been taken 27 times
  • The average score is 62 of 147
Answer Stats
Answer % Correct
Ja,
100%
elsker
95%
vi
95%
dette
89%
landet,
89%
det
79%
som
79%
stiger
79%
frem,
74%
de
68%
det
68%
elsker,
68%
elsker
68%
furet,
68%
og
68%
over
68%
tusen
68%
vannet,
68%
den
63%
den
63%
far
63%
hjem,
63%
i
63%
jord,
63%
jord.
63%
mann
63%
med
63%
mor
63%
Norske
63%
og
63%
og
63%
og
63%
63%
63%
63%
senker
63%
senker
63%
senker
63%
som
63%
som
63%
tenker
63%
værbitt
63%
vår
63%
vår
63%
vår
63%
din
58%
drømmer
58%
drømmer
58%
Gud!
58%
han
58%
hus
58%
hytte,
58%
Landet
58%
og
58%
saganatt
58%
saganatt
58%
store
58%
takk
58%
ville
58%
beskytte,
53%
fedrene
37%
har
37%
kjempet,
37%
37%
ut.
37%
Alt,
32%
den
32%
den
32%
det
32%
dette
32%
elsker
32%
grett,
32%
har
32%
har
32%
har
32%
Ja,
32%
landet,
32%
lempet,
32%
lempet,
32%
mødrene
32%
mørkt
32%
rett,
32%
rett.
32%
32%
32%
stille
32%
stille
32%
vant
32%
vant
32%
vant
32%
vår
32%
vår
32%
vi
32%
vi
32%
vi
32%
vi
32%
de
26%
det
26%
frem,
26%
furet,
26%
Herre
26%
Herre
26%
hjem.
26%
hva
26%
med
26%
over
26%
skjønt
26%
som
26%
stiger
26%
til
26%
tusen
26%
værbitt
26%
vannet,
26%
av
21%
blir
21%
det
21%
det
21%
dets
21%
fedres
21%
for
21%
fred
21%
har
21%
hevet
21%
kamp
21%
krevet,
21%
når
21%
nød
21%
også
21%
seir,
21%
som
21%
vi,
21%
blir
16%
det
16%
dets
16%
dets
16%
for
16%
fred
16%
fred
16%
krevet,
16%
leir,
16%
leir.
16%
når
16%
Og
16%
også
16%
slår
16%
slår
16%
vi,
16%
No matching quizzes found
Score Distribution
Percent of People with Each Score
Percentile by Number Answered
Your Score History
You have not taken this quiz